00798 a2200193 45000010006000000050017000060080041000230030015000640400040000790800033001192450052001520200018002042640058002223000019002805050169002991000021004687000016004898560099005054773520260407155743.0260407a1995 arg spa dAR-UNSa-BCEJYS aAR-UNSa-BCEJYSbspacAR-UNSa-BCEJYS a330.101.541xMacroeconomía10aA Critical Essay on Modern Macroeconomic Theory a0-262-58154-X 1aLondon :bMassachusetts Institute of Technologyc1995 a158 p.c23 cm. a1. Introduction - 2. Perfectly Flexible Wages - 3. Imperfect wage flexibility - 4. Imperfect Competition - 5. The Labor Market - 6. Macroeconomics - 7. Conclusions.1 aSolow, Robert M.1 aHahn, Frank41uhttps://www.biblioeco.unsa.edu.ar/pmb/images/libros/L127652.jpgyImagen de portadaqimage/jpeg